Culture Générale - Série 458 - Statistiques

Statistiques générales
  • Ce quiz a été pris 224 fois
  • Le résultat moyen est 5 sur 10
Statistiques - réponses
Question Réponse % Correct
De quelle couleur sont le croissant et l'étoile du drapeau algérien ? rouge
93%
De quelle ville Bab el‐Oued est‐il un quartier ? Alger
79%
Dans quelle ville l'archiduc François‐Ferdinand d'Autriche a-t-il été assassiné en 1914 ? Sarajevo
77%
Quel humoriste piégeait les passants dans la rue et ponctuait ses impostures en disant "pourvu que ça dure" ? Jean‐Yves Lafesse
64%
Quel Schtroumpf est le spécialiste des cadeaux explosifs ? Schtroumpf farceur
63%
Quel chanteur de raï a écrit et composé le titre "Didi" ? Khaled
53%
De quel pays la famille paternelle de la reine Sophie d'Espagne est‐elle originaire ? Grèce
32%
Quel est le nom de la soupe algérienne préparée traditionnellement avec du mouton et des légumes ? chorba
27%
Quel nombre complète le titre du film "Police Python", d'Alain Corneau ? 357
20%
Quel maréchal de France sous Napoléon 1er devint roi de Suède et de Norvège, en 1810 ? Bernadotte
15%
Aucun quiz correspondant
Distribution des résultats
% des personnes avec chaque résultat
Percentile par nombre de réponses
Votre historique - résultats
Vous n’avez pas pris ce quiz